| 000 | 00674nam a2200229 4500 | ||
|---|---|---|---|
| 001 | bimo0000185337 | ||
| 003 | OSt | ||
| 005 | 20150128091551.0 | ||
| 008 | 870219s1985 sp a 000 spa | ||
| 020 | _a84-348-1535-4 | ||
| 040 | _cBMC | ||
| 082 | _a808.068083 | ||
| 100 | 1 |
_aKenz, Karl Friedrich _930792 |
|
| 245 | 1 | 0 |
_aCuando viene el lobo _cKarl Friedrich Kenz ; [traducción, Manuel Olasagasti] |
| 260 |
_aMadrid _bSM _c[1985] |
||
| 300 |
_a145 p. _bil. _c19 cm |
||
| 490 | 0 |
_aEl Barco de vapor _v76 |
|
| 546 | _aTraducción de: Wenn der wolfkommt | ||
| 650 | 2 | 4 |
_929811 _aCuentos infantiles |
| 700 | 1 |
_aOlasagasti, Manuel _930704 |
|
| 942 |
_2ddc _cBK _hahoj |
||
| 999 |
_c17784 _d17784 |
||